Witt rings of skew fields /
Guardado en:
| Autor Principal: | |
|---|---|
| Formato: | Libro |
| Idioma: | English |
| Publicado: |
Katowice :
Uniwersytet Slaski,
1989.
|
| Series: | Prace naukowe Uniwersytetu Slaskiego w Katowicach ;
nr 1079 |
| Etiquetas: |
Agregar Etiqueta
Sin Etiquetas, Sea el primero en etiquetar este registro!
|
| LEADER | 00770nam a22002175a 4500 | ||
|---|---|---|---|
| 001 | MAT.inmabb006748 | ||
| 008 | 120920s1989####pl#######b####000#0#eng#d | ||
| 005 | 20120920161105.0 | ||
| 245 | 1 | 0 | |a Witt rings of skew fields / |c Andrzej Sladek. |
| 260 | |a Katowice : |b Uniwersytet Slaski, |c 1989. | ||
| 300 | |a 49 p. ; |c 24 cm. | ||
| 490 | 1 | |a Prace naukowe Uniwersytetu Slaskiego w Katowicach ; |v nr 1079 | |
| 500 | |a Resumen en polaco y ruso. | ||
| 504 | |a Incluye referencias bibliográficas (p. 46-[48]). | ||
| 510 | 4 | |a MR, |c 91d:11041 | |
| 020 | |a 8322602650 | ||
| 100 | 1 | |a Sladek, Andrzej. | |
| 830 | 0 | |a Prace naukowe Uniwersytetu Slaskiego w Katowicach ; |v nr 1079 | |
| 084 | |a 11E81 (12E15 16E20 19G12) |2 msc2000 | ||
| 041 | 1 | |a eng |b pol |b rus | |
| 859 | |h 11 |i Sl631 |p A-6899 |b BIB. MATEMATICA | ||
